000 01894nam a2200349 i 4500
001 991061739563406706
003 ES-BaIT
005 20260413115249.0
008 260407e202509 spca 000 0 spa|c
017 _aDL M 11808-2025
_bOficina DL de Madrid
020 _a9788419509390
040 _aES-BaIT
_bcat
_erda
_cES-BaIT
041 1 _aspa
_heng
080 _a820-2"15" Shakespeare, William.09
100 1 _aDench, Judi,
_d1934-
_eentrevistat,
_eil·lustrador
_965916
240 1 _aShakespeare, the man who pays the rent.
_lCastellà
_9169237
245 1 0 _aShakespeare :
_bel hombre que paga el alquiler /
_cJudi Dench y Brendan O'Hea ; ilustraciones de Judi Dench ; traducción de Ainhoa Segura Alcalde
250 _aPrimera edición
264 1 _aMadrid :
_bNeoPerson Club,
_cseptiembre de 2025
300 _a476 pàgines :
_bil·lustracions ;
_c21 cm
336 _atext
_btxt
_2rdacontent
337 _asense mediació
_bn
_2rdamedia
338 _avolum
_bnc
_2rdacarrier
520 _a"Por primera vez, Judi Dench habla de todos los papeles de Shakespeare que ha interpretado en sus siete décadas de carrera, desde Lady Macbeth y Titania hasta Ofelia y Cleopatra. En una serie de conversaciones con el actor y director Brendan O’Hea, la autora revela no solo los secretos de sus ensayos sino también sus triunfos, desastres y travesuras entre bastidores, todo ello rociado de una sorprendente sinceridad y un gran sentido del humor. Esta es la carta de amor que Judi dedica a William Shakespeare o, mejor dicho, al hombre que paga el alquiler." -- Contracoberta
600 1 7 _aShakespeare, William,
_d1564-1616
_xCrítica i interpretació
_955834
600 1 0 _aDench, Judi,
_d1934-
_v Intervius
_2lemac
_9169238
700 1 _aO'Hea, Brendan
_eentrevistador
_9169239
700 1 _aSegura Alcalde, Ainhoa
_etraductor
_9169240
908 _aCDMAE
940 _aCVA7
942 _2udc
_c1
999 _c137362
_d137362